000 00309cam a22001217a 4500
008 180718b1900 xxu||||| |||| 00| 0 eng d
082 _aBA27 H113
100 _aHaberlandt, Michael
245 _aEthnology
_cby Michael Haberlandt
260 _aLondon
_bBallantyne
_c1900
300 _a169p.
650 _aEthnology
999 _c367325
_d367325